La facoltá di architettura di Roma. Nel suo trentacinquesimo anno di vita
Guardat en:
| Autors principals: | , |
|---|---|
| Format: | Llibre |
| Idioma: | italià |
| Publicat: |
Roma
Officina Poligrafica Laziale
1955
|
| Matèries: | |
| Etiquetes: |
Afegir etiqueta
Sense etiquetes, Sigues el primer a etiquetar aquest registre!
|
MARC
| LEADER | 00000nam a2200000 a 4500 | ||
|---|---|---|---|
| 001 | UCI2396 | ||
| 003 | CL-VaPUC | ||
| 008 | 070824e19550000IT |||||||||||||||||ita|d | ||
| 082 | 0 | 4 | |a 720.945 |b VAG |2 21 |
| 100 | 0 | |a Vagnetti, Luigi |e author |9 523397 | |
| 700 | 0 | |a Osteria, Graziella Dall |e author |9 523398 | |
| 245 | 1 | 3 | |a La facoltá di architettura di Roma. Nel suo trentacinquesimo anno di vita |
| 300 | |a 232 p | ||
| 942 | |c BK | ||
| 945 | |d 20070824 00:00:00 |a rbrito | ||
| 260 | |a Roma |b Officina Poligrafica Laziale |c 1955 | ||
| 600 | 0 | 7 | |a UNIVERSIDAD DE ROMA, FACULTAD DE ARQUITECTURA |2 CL-VaPUC |9 523399 |
| 650 | 0 | |a Arquitectura italiana |9 345013 | |
| 650 | 7 | |a DIBUJOS ARQUITECTONICOS |2 CL-VaPUC |9 523400 | |
| 650 | 0 | |a Planos arquitectónicos |9 268148 | |
| 650 | 0 | |a Educación superior |9 223851 | |
| 651 | 0 | |a Roma |9 255106 | |
| 651 | 0 | |a Italia |9 254949 | |
| 583 | |a last modification |c 20070824 00:00:00 |k Rodrigo Vera | ||
| 999 | |c 326981 |d 326979 | ||
| 952 | |0 0 |1 0 |4 0 |6 720_945000000000000_VAG_1955 |7 0 |8 P |9 409313 |a BIBARQ |b BIBARQ |d 2019-11-22 |i 4258118 |o 720.945 VAG 1955 |p 4258118 |r 2025-01-20 |w 2019-11-22 |y BK |k ARQ | ||